00808nam a2200193 a 450000100100000000500170001000800410002704000250006808200140009310000480010724501000015526000690025530000270032449000690035149000310042050000630045183000690051483000310058300004287020201002040447.0150820s1982 dr a 000 0 spa d aDO-SdBNPbspacBNPHU axxxbxxxx1 aCastillo Corporán, Francisco Maurod1934-14aLas verdaderas causas de los divorcios en Santo Domingo /cFrancisco Mauro Castillo Corporán. aSanto Domingo :bUniversidad Autónoma de Santo Domingo,c1982. a85 p. :bil. ;c15 cm.1 aPublicaciones de la Universidad Autónoma de Santo Domingov3151 aEducación y sociedadv20 aIncluye datos biografícos del autor en la contraportada. 0aPublicaciones de la Universidad Autónoma de Santo Domingon315 0aEducación y sociedadn20